Which of the Two... Colors Quiz Stats

 Plays Quiz Updated Aug 9, 2016

Challenge
Share
Tweet
Embed
Score 0/24 Timer 06:00
1 Play Today
Which color... A or B % Correct
...helps to raise awareness for breast cancer?
(A) Pink or (B) Orange
???
91.9%
...is the highest-level belt in karate?
(A) Brown or (B) Black
???
90.1%
...describes the Friday after Thanksgiving?
(A) Black or (B) Pink
???
89.4%
...is worn on Wednesdays in ''Mean Girls''?
(A) Gold or (B) Pink
???
85.5%
...is represented on one of the five Olympic rings?
(A) Orange or (B) Green
???
84.6%
...is a primary color in pigments and dyes?
(A) Mahogany or (B) Magenta
???
83.7%
...is crystalline sulfur/sulphur?
(A) Yellow or (B) Red
???
81.1%
...is indicative of Luigi in the Super Mario Bros. series?
(A) Green or (B) Red
???
79%
...''collar'' has been used to describe manual or industrial jobs?
(A) White or (B) Blue
???
78.8%
...is Fenway Park's ''Monster'' left field wall?
(A) Green or (B) Red
???
78%
...describes a 50th anniversary?
(A) Gold or (B) Silver
???
75.7%
...is the Park Place/Park Lane space on the Monopoly board?
(A) Dark Blue or (B) Light Blue
???
75.4%
Which color... A or B % Correct
...describes an album that sells 1 million units in the US?
(A) Platinum or (B) Gold
???
73.6%
...is given the title ''Mr.'' or ''Reverand'' in the board game Clue(do)?
(A) Green or (B) White
???
72.9%
...describes Picasso's earlier period in his painting career?
(A) Rose or (B) Blue
???
71.9%
...with Parrots, was a ''Legends of the Hidden Temple'' team?
(A) Pink or (B) Purple
???
69.9%
...was part of the original Crayola crayon 8-pack in 1903?
(A) White or (B) Brown
???
66.8%
...is complementary to yellow on the color wheel?
(A) Violet or (B) Orange
???
62.5%
...contains a shade called gainsboro?
(A) Brown or (B) Gray
???
59.5%
...is the letter ''L'' in the Google logo?
(A) Yellow or (B) Green
???
55.1%
...is given by #FF0000 in hex triplet code?
(A) Blue or (B) Red
???
51.3%
...includes a shade called chartreuse?
(A) Green or (B) Red
???
48.7%
...has a longer wavelength on the electromagnetic spectrum?
(A) Red or (B) Violet
???
44.3%
...of M&M's was discontinued for a decade starting in 1976?
(A) Red or (B) Tan
???
43%

You're not logged in!

Compare scores with friends on all Sporcle quizzes.
Join for Free
OR
Log In

You Might Also Like...

Show Comments

Extras

Top Quizzes Today


Score Distribution

Your Account Isn't Verified!

In order to create a playlist on Sporcle, you need to verify the email address you used during registration. Go to your Sporcle Settings to finish the process.

Report this User

Report this user for behavior that violates our Community Guidelines.

Details: